书目信息 |
| 题名: |
世纪肖像
|
|
| 作者: | 沈建中摄影 撰文 | |
| 分册: | ||
| 出版信息: | 天津 天津教育出版社 1999.09 |
|
| 页数: | 115页 | |
| 开本: | 26cm | |
| 丛书名: | ||
| 单 册: | ||
| 中图分类: | J313.1 | |
| 科图分类: | ||
| 主题词: | 雕塑--(技术)美术 | |
| 电子资源: | ||
| ISBN: | 7-5309-3104-0 | |
| 000 | 00628nam0 2200205 450 | |
| 001 | 0855046634 | |
| 005 | 20080108151842.42 | |
| 010 | @a7-5309-3104-0@dCNY78.00 | |
| 100 | @a20080108d1999 km y0chiy0120 ea | |
| 101 | 0 | @achi |
| 102 | @aCN@b120000 | |
| 200 | 1 | @a世纪肖像@Ashi ji xiao xiang@f沈建中摄影撰文@Fshen jian zhong she ying zhuan wen |
| 210 | @a天津@c天津教育出版社@d1999.09 | |
| 215 | @a115页@d26cm | |
| 606 | 0 | @a雕塑@x(技术)美术 |
| 690 | @aJ313.1@v4 | |
| 701 | 0 | @a沈建中摄影@Ashen jian zhong she ying@4撰文 |
| 801 | 0 | @aCN@b大连网信软件有限公司图书馆@c20080108 |
| 905 | @aBZT@dJ313.1@e1 | |
| 906 | @dCNY78.00@n0@r1 | |
| 世纪肖像/沈建中摄影撰文.-天津:天津教育出版社,1999.09 |
| 115页;26cm |
| ISBN 7-5309-3104-0:CNY78.00 |
| ● |
| 相关链接 |
|
|
|
正题名:世纪肖像
索取号:J313.1/1
 
预约/预借
| 序号 | 登录号 | 条形码 | 馆藏地/架位号 | 状态 | 备注 |
| 1 | 614745 | 2000614745 | 中心书库中库/ 中库018架B面6列2层59/ [索取号:J313.1/1] | 在馆 | |
| 2 | 614746 | 2000614746 | 中心书库中库/ 中库018架A面4列2层53/ [索取号:J313.1/1] | 在馆 | |
| 3 | 614747 | 2000614747 | 中心书库中库/ 中库018架B面6列2层60/ [索取号:J313.1/1] | 在馆 | |
| 4 | 614748 | 2000614748 | 中心书库中库/ 中库018架B面6列2层64/ [索取号:J313.1/1] | 在馆 | |
| 5 | 614749 | 2000614749 | 中心书库中库/ 中库018架B面6列2层65/ [索取号:J313.1/1] | 在馆 | |
| 6 | 614750 | 2000614750 | 中心书库中库/ 中库018架B面6列2层66/ [索取号:J313.1/1] | 在馆 | |
| 7 | 614751 | 2000614751 | 中心书库中库/ 中库018架A面2列5层2/ [索取号:J313.1/1] | 在馆 | |
| 8 | 614752 | 2000614752 | 中心书库中库/ 中库018架B面6列2层63/ [索取号:J313.1/1] | 在馆 | |
| 9 | 614753 | 2000614753 | 中心书库中库/ 中库018架B面6列2层61/ [索取号:J313.1/1] | 在馆 | |
| 10 | 614754 | 2000614754 | 中心书库中库/ 中库018架B面6列2层62/ [索取号:J313.1/1] | 在馆 |